000 00342nam a22001337a 4500
020 _a81-7029-616-1
082 _a005.13 KIN,V
100 _aKING, NELSON
_967420
245 _aTEACH YOURSELF VISUAL FOXPRO 3 FOR WINDOWS
260 _aNEW DELHI
_bBPB
_c1995
300 _aX,472 P
650 _aVISUAL FOXPRO 3 FOR WINDOWS
_967421
942 _cBK
999 _c575209
_d575209